Principios básicos para un orden internacional. Anotaciones a los mensajes de S.S. Pio XII, publicadas por L'Osservatore Romano

Збережено в:
Бібліографічні деталі
Автор: Gonella, Guido (Автор)
Формат: Книга
Мова:Іспанська
Опубліковано: Buenos Aires Difusión 1942
Предмети:
Теги: Додати тег
Немає тегів, Будьте першим, хто поставить тег для цього запису!

MARC

LEADER 00000nam a2200000 a 4500
001 UCI4865
003 CL-VaPUC
008 080307e19420000AG |||||||||||||||||spa|d
082 0 4 |a 262.13  |b GON  |2 21 
100 0 |a Gonella, Guido  |e author  |9 526925 
245 1 0 |a Principios básicos para un orden internacional. Anotaciones a los mensajes de S.S. Pio XII, publicadas por L'Osservatore Romano 
300 |a 350 p 
942 |c BK 
945 |d 20080307 00:00:00  |a rbrito 
260 |a Buenos Aires  |b Difusión  |c 1942 
500 |a Donación padres capuchinos 
650 7 |a DOCUMENTOS PAPALES  |2 CL-VaPUC  |9 436509 
650 0 |a Derecho internacional  |9 255637 
650 0 |a Relaciones Internacionales  |9 255740 
650 0 |a Seguridad nacional  |9 317752 
650 0 |a Desarme  |9 255227 
650 0 |a Paz  |9 259242 
650 0 |a Tratados internacionales   |9 256056 
583 |a last modification  |c 20080307 00:00:00  |k Rodrigo Vera 
999 |c 328712  |d 328710 
952 |0 0  |1 0  |4 0  |6 262_130000000000000_GON_1942  |7 0  |8 X  |9 412783  |a FDOBUD  |b FDOBUD  |d 2019-11-22  |i 4409116  |o 262.13 GON 1942  |p 4409116  |r 2019-11-22  |w 2019-11-22  |y BK_X  |k BUD